|
|
|
|
| LEADER |
00000nab a2200000 a 4500 |
| 001 |
vtls010656092 |
| 003 |
SK-MaSNL |
| 005 |
20260318124410.0 |
| 008 |
150220 2014 xo 100 b pol |
| 015 |
|
|
|a SNBRA 2012/09
|2 svkbbbg
|
| 038 |
|
|
|a SVKBBBG
|
| 040 |
|
|
|a SVKBBBG
|b slo
|c SVKBBBG
|e AACR2
|
| 041 |
0 |
|
|a pol
|
| 044 |
|
|
|a xo
|c SK
|
| 072 |
|
7 |
|a 316.3
|x Globálne spoločnosti. Sociálna štruktúra. Sociálne skupiny
|2 konspekt
|
| 072 |
|
7 |
|a 373.2/.3
|x Predškolská a primárna výchova a vzdelávanie
|2 konspekt
|
| 080 |
|
|
|a 316.346.32-053.4
|2 2001
|
| 080 |
|
|
|a 373.24
|2 2001
|
| 100 |
1 |
|
|a Nawrot, Cecylia Mirela
|4 aut
|9 1497065
|
| 245 |
1 |
0 |
|a Likwidowanie bezradności u dzieci w wieku przedszkolnym na podstawie autorskiego programu Optymistyczne przedszkole
|c Cecylia Mirela Nawrot
|
| 300 |
|
|
|b Obr.
|
| 504 |
|
|
|a Bibliogr. odkazy ; pozn.
|
| 650 |
0 |
7 |
|a deti predškolského veku
|2 SNKPH
|9 4103
|
| 650 |
0 |
7 |
|a materské školy
|2 SNKPH
|9 1278
|
| 773 |
0 |
|
|t Socialia 2014. Aktuálne problémy prevencie sociálnopatologických javov a jej profesionalizácie : zborník príspevkov z medzinárodnej vedeckej konferencie ...
|d Banská Bystrica : Belianum, 2014
|g S.332-336
|z 9788055708089
|
| 852 |
|
|
|a SVKBB
|b KIS3GCP
|
| 958 |
|
|
|a NB
|
| 999 |
|
|
|c 2987021
|d 2988951
|